LEADER 00983nam a2200277 i 4500 001 991001892809707536 005 20020508183355.0 008 000220s1980 it ||| | ita 035 $ab10928467-39ule_inst 035 $aPARLA150736$9ExL 040 $aDip.to Filosofia$bita 082 0 $a371.1 100 1 $aIppolito, Maria$0537919 245 10$aAggiornare nella scuola /$ca cura di Maria Ippolito ; scritti di E. Becchi ... [et al.] 260 $aMilano :$bF. Angeli,$c[1980] 300 $a171 p. ;$c22 cm 490 0 $aScuola: progetto riforma ;$v2 650 4$aInsegnanti - Istruzione professionale 650 4$aScuola - Riforma 700 1 $aBecchi, Egle 907 $a.b10928467$b23-02-17$c28-06-02 912 $a991001892809707536 945 $aLE005IF XL C 13$g1$i2005000202650$lle005$o-$pE0.00$q-$rl$s- $t0$u2$v0$w2$x0$y.i11033137$z28-06-02 996 $aAggiornare nella scuola$9919970 997 $aUNISALENTO 998 $ale005$b01-01-00$cm$da $e-$fita$git $h0$i1 LEADER 02308oas 2200733 a 450 001 9910146925703321 005 20260218111343.0 035 $a(OCoLC)232994494 035 $a(CONSER) 2008263399 035 $a(CKB)1000000000289630 035 $a(MiAaPQ)2029534 035 $a(DE-599)2227838-2 035 $a(EXLCZ)991000000000289630 100 $a20080701a20019999 sy 101 0 $apor 135 $aur||||||||||| 181 $ctxt$2rdacontent 182 $cc$2rdamedia 183 $acr$2rdacarrier 200 00$aEducac?a?o tema?tica digital $eETD 210 $aCampinas, Sa?o Paulo $cBiblioteca Prof. Joel Martins da Faculdade de Educac?a?o da Universidade Estadual de Campinas$d[2001]- 215 $a1 online resource 300 $aRefereed/Peer-reviewed 311 08$a1676-2592 517 1 $aETD 531 0 $aETD, Educ. Tema?t. Digit. 606 $aEducation$zBrazil$vPeriodicals 606 $aEducation$vPeriodicals 606 $aEducational technology$vPeriodicals 606 $aLibraries and education$vPeriodicals 606 $aEducation$2fast$3(OCoLC)fst00902499 606 $aEducational technology$2fast$3(OCoLC)fst00903623 606 $aLibraries and education$2fast$3(OCoLC)fst00997514 606 $aTechnologie e?ducative$vPe?riodiques 606 $aBibliothe?ques et e?ducation$vPe?riodiques 607 $aBrazil$2fast$1https://id.oclc.org/worldcat/entity/E39QbtfRB9KGtqfkFTFbfB77QY 608 $aPeriodicals.$2fast 615 0$aEducation 615 0$aEducation 615 0$aEducational technology 615 0$aLibraries and education 615 7$aEducation. 615 7$aEducational technology. 615 7$aLibraries and education. 615 6$aTechnologie e?ducative 615 6$aBibliothe?ques et e?ducation 712 02$aUniversidade Estadual de Campinas.$bFaculdade de Educac?a?o.$bBiblioteca Prof. Joel Martins. 801 0$bTXA 801 1$bTXA 801 2$bOCLCQ 801 2$bOCLCF 801 2$bCUS 801 2$bOCLCQ 801 2$bOCLCA 801 2$bSRU 801 2$bOCLCQ 801 2$bAUD 801 2$bOCLCL 801 2$bOCLCQ 801 2$bLVT 906 $aJOURNAL 912 $a9910146925703321 996 $aEducac?a?o tema?tica digital$92085151 997 $aUNINA